000 00953nam a22002177a 4500
003 BUBTL
008 230509b ||||| |||| 00| 0 eng d
020 _a9788129514745
082 _a891.443/ B2232b/ 2021
100 _95312
_aবন্দ্যোপাধ্যায়, সরোজ
245 _aবাংলা উপন্যাসের কালান্তর /
_c সরোজ বন্দ্যোপাধ্যায়
250 _a9th Edn
260 _aকলকাতা:
_bদে’জ পাবলিশিং,
_cc2021
300 _a384 p.:
_c22 cm.
500 _aIncludes index and bibliography
505 _aবাংলা উপন্যাসের কালান্তর, সরোজ বন্দ্যোপাধ্যায়, বাংলা সাহিত্য
650 0 _91687
_aবাংলা সাহিত্য
856 _k0
_l0
_yDownload
942 _2ddc
_cBK
999 _c7040
_d7040